000 00751cam a22002414a 4500
020 _a9789048122370 (hbk.)
020 _a9048122376 (hbk.)
020 _a9048122384 (ebook)
020 _a9789048122387 (ebook)
040 _cBTCTA
082 0 4 _a910 SPR 2010 A105 OR.
245 0 0 _aGeospatial techniques in urban hazard and disaster analysis /
260 _aDordrecht ;
_aNew York :
_bSpringer,
_c2010.
300 _axvi, 452 p. :
_bill. (some col.), maps (some col.) ;
_c24 cm.
490 1 _aGeotechnologies and the environment ;
650 0 _aGeospatial data.
650 0 _aEmergency management
650 0 _aEmergency management
650 0 _aUrban policy.
700 1 _aShowalter, Pamela Sands.
700 1 _aLu, Yongmei.
942 _cEK
999 _c14985
_d14985